Front matter (notice n° 2055025)

détails MARC
000 -LEADER
fixed length control field 01555cam a2200181 4500500
005 - DATE AND TIME OF LATEST TRANSACTION
control field 20260405002154.0
041 ## - LANGUAGE CODE
Language code of text/sound track or separate title fre
042 ## - AUTHENTICATION CODE
Authentication code dc
100 10 - MAIN ENTRY--PERSONAL NAME
Personal name Fraichard, Pascal
Relator term author
245 00 - TITLE STATEMENT
Title Front matter
260 ## - PUBLICATION, DISTRIBUTION, ETC.
Date of publication, distribution, etc. 2026.<br/>
500 ## - GENERAL NOTE
General note 94
520 ## - SUMMARY, ETC.
Summary, etc. Drug addiction in France was initially addressed from a repressive perspective, with the aim of eradicating drugs and achieving abstinence among users. Faced with the failure of these policies and the emergence of HIV in the 1980s, a paradigm shift gradually took hold, incorporating harm reduction approaches. Founded in 1984 by Jean-Marc Borello, SOS Drogue International is part of this shift, advocating for unconditional acceptance and dignity for individuals above all other care requirements. The association contributes to the development of innovative programs such as Sleep-In, the first emergency accommodation for drug users, and therapeutic communities, combining care, social support, and a residential setting. These practices in the field have had a lasting influence on French public policy in the field of addiction. This dynamic gave rise to Groupe SOS, which has become a major player in the social and medico-social sector, faithful to a humanistic, pragmatic, and person-centered approach.
700 10 - ADDED ENTRY--PERSONAL NAME
Personal name Justin, Sylvie
Relator term author
700 10 - ADDED ENTRY--PERSONAL NAME
Personal name Verduzier, Thomas
Relator term author
786 0# - DATA SOURCE ENTRY
Note Question(s) de management | 57 | 5 | 2026-02-04 | p. 1-6 | 2262-7030
856 41 - ELECTRONIC LOCATION AND ACCESS
Uniform Resource Identifier <a href="https://shs.cairn.info/journal-questions-de-management-2025-5-page-1?lang=en&redirect-ssocas=7080">https://shs.cairn.info/journal-questions-de-management-2025-5-page-1?lang=en&redirect-ssocas=7080</a>

Pas d'exemplaire disponible.

PLUDOC

PLUDOC est la plateforme unique et centralisée de gestion des bibliothèques physiques et numériques de Guinée administré par le CEDUST. Elle est la plus grande base de données de ressources documentaires pour les Étudiants, Enseignants chercheurs et Chercheurs de Guinée.

Adresse

627 919 101/664 919 101

25 boulevard du commerce
Kaloum, Conakry, Guinée

Réseaux sociaux

Powered by Netsen Group @ 2025